| 000 | 00367nam a2200157Ia 4500 | ||
|---|---|---|---|
| 999 |
_c2315 _d2315 |
||
| 003 | OSt | ||
| 005 | 20190918193000.0 | ||
| 008 | 190802s9999 xx 000 0 und d | ||
| 020 | _a978-0133970777 | ||
| 040 | _cmaju | ||
| 100 | _aRamez Elmasri | ||
| 245 | 0 | _aFundamentals of Database Systems | |
| 260 |
_aUSA _bPearson _c2018 |
||
| 300 | _a1242:p | ||
| 942 |
_cBK _2ddc |
||